000 01213nam a2200325 c 4500
003 BLK
005 20231020164834.0
008 180408b bul|||||r ||||||| ||bul||
010 _aKNG00048233000
020 _a954-9415-02-3
_bиздат.: Водолей
040 _aBLK
041 _aBUL
_cBUL
080 _aБългарска литература
_b821.163.2
_x-31
_z821.163.2-31
100 1 _aХристозов, Петър
_eпърви автор
_9251078
700 1 _aВълчев, Христо Димитров
_e*
_9366782
139 _aХристозов, Петър
_bХ 82
245 1 0 _aСмъртоносното огледало
_bРоман
_cПетър Христозов; * Христо Димитров Вълчев.
257 _aBGR
260 София
_bВодолей
_c2005
_fСофия : Атика
300 _a166 с.
_c20 см
380 _aX
500 _aПетър Христозов - псевд. на Христо Вълчев. - Офс. изд.
653 _aромани
852 _aЦб 222517
856 4 _qpdf
_u
856 4 _qpdf
_u
942 _cKNG
_n0
_04
944 _aCR
_c11.02.2005
_k30564
_lГалина Якимова
944 _aED
_c24.03.2006
_k
999 _c44459
_d44459